• 首页
  • 本馆介绍
  • 公告通知
  • 最新文献
  • 馆藏检索
  • 电子资源
  • 读者导购
  • 参考咨询
  • 我的图书馆
  • 登录
  • 详细信息显示
  • 放入我的书架
  • 预约/预借图书
  • 作者相关作品
  • 分类相关作品
  • 丛书相关作品
  • 出版社相关作品

书目信息

  • 表格格式
  • 工作单格式
  • 卡片格式
题名:
点心围边集锦
    
 
作者: 韦正代 编著
分册:  
出版信息: 上海   上海文化出版社  1999
页数: 90页
开本: 20cm
丛书名:
单 册:
中图分类: TS972.116
科图分类:
主题词: 饮食业--供应技术--食谱--装饰美术
电子资源:
ISBN: 7-80511-993-7
000 00602nam0 2200205 45
001 0501061048
005 20091019153225.78
010    @a7-80511-993-7@dCNY20.00
100    @a20050106d1999 km y0chiy0120 ea
101 0  @achi
102    @aCN@b310000
200 1  @a点心围边集锦@ADian Xin Wei Bian Ji Jin@f韦正代编著@Fwei zheng dai bian zhu
210    @a上海@c上海文化出版社@d1999
215    @a90页@d20cm
606 0  @a饮食业@x供应技术@x食谱@x装饰美术
690    @aTS972.116@v4
701  0 @a韦正代@Awei zheng dai@4编著
801    @aCN@bAHTY@c20091019
905    @aBZT@dTS972.116@e5
906    @dCNY20.00@n0@r1
    
    点心围边集锦/韦正代编著.-上海:上海文化出版社,1999
    90页;20cm
    
    
    ISBN 7-80511-993-7:CNY20.00
    
●
相关链接 在五车中查询图书 在当当中查询图书 在豆瓣中查询图书


正题名:点心围边集锦     索取号:TS972.116/5         预约/预借

序号 登录号 条形码 馆藏地/架位号 状态 备注
1 388490   210190684   中心书库中库/ 中库024架A面2列6层69/ [索取号:TS972.116/5] 在馆    
2 388491   210190657   中心书库中库/ 中库024架A面3列1层41/ [索取号:TS972.116/5] 在馆    
3 388492   210190666   中心书库中库/ 中库024架A面3列1层38/ [索取号:TS972.116/5] 在馆    
4 388493   210190639   中心书库中库/ 中库024架A面3列1层40/ [索取号:TS972.116/5] 在馆    
5 388494   210190648   中心书库中库/ 中库024架A面2列6层70/ [索取号:TS972.116/5] 在馆    
6 388495   210190611   中心书库中库/ 中库024架A面3列1层39/ [索取号:TS972.116/5] 在馆    
7 388496   210190620   中心书库中库/ 中库024架A面3列1层37/ [索取号:TS972.116/5] 在馆    
8 388497   210190595   中心书库中库/ 中库024架A面3列1层36/ [索取号:TS972.116/5] 在馆    
9 388498   210190602   中心书库中库/ 中库024架A面3列1层42/ [索取号:TS972.116/5] 在馆    
10 388499   210190577   中心书库中库/ 中库024架A面3列1层43/ [索取号:TS972.116/5] 在馆    
山东省滨州职业学院图书馆 欢迎您!
大连网信软件有限公司© 版权所有